000 00290nam a2200121Ia 4500
005 20251222144848.0
008 251222s9999||||xx |||||||||||||| ||spa||
082 _a301/I82/Ej.2
100 _aIsmodes Cairo, Aníbal
245 0 _aSumario de Sociología
264 _bCONCYTEC
942 _cLIB
999 _c21478
_d21478